LIBRARY & INFORMATION CENTRE, KCAET, TAVANUR

ONLINE PUBLIC ACCESS CATALOGUE (OPAC)

Fundamentals of Horticulture / (Record no. 1378)

MARC details
000 -LEADER
fixed length control field 00568cam a2200229ua 4500
041 ## - LANGUAGE CODE
Language code of text/sound track or separate title eng
082 ## - DEWEY DECIMAL CLASSIFICATION NUMBER
Classification number 635
Item number EDM/FU
100 ## - MAIN ENTRY--AUTHOR NAME
Personal name Edmond, J.B .
245 ## - TITLE STATEMENT
Title Fundamentals of Horticulture /
250 ## - EDITION STATEMENT
Edition statement 4 /
260 ## - PUBLICATION, DISTRIBUTION, ETC. (IMPRINT)
Place of publication :
Name of publisher Tata Mc-Graw Hill Publishing Company ,
Year of publication 1977.
300 ## - PHYSICAL DESCRIPTION
Number of Pages 560 ; .
700 1# - ADDED ENTRY--PERSONAL NAME
Personal name Audrews, F.S .
700 1# - ADDED ENTRY--PERSONAL NAME
Personal name Halfacre, R.G .
700 1# - ADDED ENTRY--PERSONAL NAME
Personal name Senn, T.L .
942 ## - ADDED ENTRY ELEMENTS (KOHA)
Koha item type Books
Holdings
Withdrawn status Lost status Damaged status Home library Current library Date acquired Full call number Accession Number Koha item type
      KAUAET KAUAET 07/04/2012 635 13639 Books
    Damaged KAUAET KAUAET 07/04/2012 635 18889 Books
free website counter